000 00738nam a2200253Ia 4500
003 OSt
005 20220926005249.0
006 a|||||r|||| 00| 0
007 ta
008 220923b |||||||| |||| 00| 0 eng d
020 _a8187374126
037 _cGeneral Book
040 _aRTL
_cRTL
_beng
041 _2eng
_aeng
082 _aX91:77.2.N9, P2
100 _aGiri D K
_9309967
245 0 _aSustaining rural industries
_b Concepts, strategies
260 _a New Delhi
_bSamskriti
_c2002
300 _axii, 154p
_ccm.
650 _aSmall Scale Industry
_9231464
700 _a Dass Laxmi Ed
_9309968
942 _hX91:77.2.N9, P2
_cGB
_2CC
999 _c613350
_d613350